Catálogo

Manual de anestesia odontológica / (Registro nro. 46231)

Detalles MARC
000 -LEADER
fixed length control field 01036cam a2200289 i 4500
001 - CONTROL NUMBER
control field 46231
003 - CONTROL NUMBER IDENTIFIER
control field Mx-PuUPA
005 - DATE AND TIME OF LATEST TRANSACTION
control field 20210527142933.0
008 - FIXED-LENGTH DATA ELEMENTS--GENERAL INFORMATION
fixed length control field 140415s2003 mx a r 000 0 spa d
020 ## - INTERNATIONAL STANDARD BOOK NUMBER
International Standard Book Number 9701028503
040 ## - CATALOGING SOURCE
Original cataloging agency Mx-PuUPA
Language of cataloging spa
Transcribing agency Mx-PuUPA
Modifying agency Mx-PuUPA
Description conventions rda
041 0# - LANGUAGE CODE
Language code of text/sound track or separate title spa
100 1# - MAIN ENTRY--PERSONAL NAME
Personal name Gurrola Martínez, Beatríz,
Relator term autor
9 (RLIN) 8444
245 10 - TITLE STATEMENT
Title Manual de anestesia odontológica /
Statement of responsibility, etc. Beatriz Gurrola Martínez, María del Carmen Ortega Espinosa, Tomás Zepeda Muñoz [y otro]
250 ## - EDITION STATEMENT
Edition statement Primera edición
264 #4 - PRODUCTION, PUBLICATION, DISTRIBUTION, MANUFACTURE, AND COPYRIGHT NOTICE
Place of production, publication, distribution, manufacture México, D.F. :
Name of producer, publisher, distributor, manufacturer McGraw-Hill Interamericana Editores,
Date of production, publication, distribution, manufacture, or copyright notice ©2001
300 ## - PHYSICAL DESCRIPTION
Extent vii, 150 páginas :
Other physical details ilustraciones ;
Dimensions 23 cm.
336 ## - CONTENT TYPE
Content type term texto
Fuente rdacontent
Content type code txt
337 ## - MEDIA TYPE
Media type term sin medio
Source rdamedia
Media type code n
338 ## - CARRIER TYPE
Source rdacarrier
Carrier type term volumen
Carrier type code nc
650 14 - SUBJECT ADDED ENTRY--TOPICAL TERM
Topical term or geographic name entry element Anestesia en odontología
700 1# - ADDED ENTRY--PERSONAL NAME
Personal name Ortega Espinosa, María del Carmen,
Relator term autor
700 1# - ADDED ENTRY--PERSONAL NAME
Personal name Zepeda Muñoz, Tomás,
Relator term autor
942 ## - ADDED ENTRY ELEMENTS (KOHA)
Source of classification or shelving scheme Dewey Decimal Classification
Koha item type Libro
Classification part 617.9676
Item part M266
Existencias
Withdrawn status Lost status Source of classification or shelving scheme Damaged status Not for loan Collection code Home library Current library Shelving location Date acquired Source of acquisition Total Checkouts Total Renewals Full call number Barcode Date last seen Date last checked out Copy number Price effective from Koha item type
    Dewey Decimal Classification     General Biblioteca Karol Wojtyla Biblioteca Karol Wojtyla Sala general 03/12/2013 Compra 4 1 617.9676 M266 2001 69327 05/01/2026 03/04/2025 Ej.3 03/12/2013 Libro
    Dewey Decimal Classification     Referencia Biblioteca Karol Wojtyla Biblioteca Karol Wojtyla Área de silencio 03/12/2013 Compra     617.9676 M266 2001 69325 05/01/2026     03/12/2013 Libro R
    Dewey Decimal Classification     General Biblioteca Karol Wojtyla Biblioteca Karol Wojtyla Sala general 03/12/2013 Compra 6 2 617.9676 M266 2001 69324 05/01/2026 10/03/2022 Ej.2 03/12/2013 Libro
    Dewey Decimal Classification     General Biblioteca Karol Wojtyla Biblioteca Karol Wojtyla Sala general 03/12/2013 Compra 1   617.9676 M266 2001 69326 05/01/2026 18/06/2025 Ej.1 03/12/2013 Reserva permanente